[Event "Barcelona Ideal Clave op 21st"]
[Site "Barcelona"]
[Date "2017.09.30"]
[Round "1"]
[White "Montalban Colell, Bernat"]
[Black "Rodriguez Gonzalez, Feliciano"]
[Result "1-0"]
[WhiteElo "1770"]
[BlackElo "1443"]
[PlyCount "107"]
[EventDate "2017.09.30"]
[EventType "swiss"]
[EventRounds "8"]
[EventCountry "ESP"]
[SourceTitle "CBM 181 Extra"]
[Source "ChessBase"]
[SourceDate "2017.12.12"]
[SourceVersion "1"]
[SourceVersionDate "2017.12.12"]
[SourceQuality "1"]

1. e4 e6 2. d4 d5 3. Nd2 c5 4. exd5 exd5 5. dxc5 Bxc5 6. Bb5+ Bd7 7. Bxd7+ Qxd7 8. Qf3 Nf6 9. Ne2 0-0 10. 0-0 Nc6 11. Nb3 Bb6 12. Bf4 Rfe8 13. Rfd1 Qe6 14. Nc3 Rad8 15. Na4 Ne5 16. Bxe5 Qxe5 17. Nxb6 axb6 18. Nd4 Qe4 19. Qb3 Rd6 20. Nf3 Rde6 21. h3 Qf4 22. Rd4 Qd6 23. Rad1 h6 24. Rb4 Rc8 25. Nd4 Re4 26. Rxb6 Qf4 27. c3 Rce8 28. Rf1 Re1 29. Qc2 Rxf1+ 30. Kxf1 Qh2 31. Nf3 Qc7 32. Qb3 Re7 33. Rb4 Rd7 34. Qd1 Rd8 35. Rd4 b5 36. Qe2 Rb8 37. Rb4 Qc6 38. Nd4 Qd7 39. Rxb5 Re8 40. Qd1 Qd6 41. Nf3 Qa6 42. a4 Re4 43. Nd4 Qc8 44. Qd3 Qe8 45. Qd2 Qe5 46. Nf3 Qe8 47. Qc2 Qc6 48. Qb3 Qa6 49. Nd4 Ne8 50. Kg1 Re1+ 51. Kh2 Qd6+ 52. g3 Nf6 53. Qc2 g6 54. Qd2 1-0

[Event "Barcelona La Lira op 35th"]
[Site "Barcelona"]
[Date "2017.02.10"]
[Round "4"]
[White "Febrero Perez, Lluis"]
[Black "Montalban Colell, Bernat"]
[Result "1/2-1/2"]
[WhiteElo "1525"]
[BlackElo "1783"]
[PlyCount "68"]
[EventDate "2017.01.20"]
[EventType "swiss"]
[EventRounds "8"]
[EventCountry "ESP"]
[SourceTitle "EXT 2018"]
[Source "ChessBase"]
[SourceDate "2017.10.13"]
[SourceVersion "1"]
[SourceVersionDate "2017.10.13"]
[SourceQuality "1"]

1. e4 e6 2. d4 d5 3. e5 c5 4. c3 Nc6 5. Nf3 Nge7 6. Bd3 cxd4 7. cxd4 Nf5 8. Bxf5 exf5 9. Nc3 Be6 10. Bg5 Qb6 11. Qd2 h6 12. Be3 g5 13. g3 Na5 14. Na4 Qb5 15. b3 Bb4 16. Nc3 Qc6 17. Rc1 Rc8 18. Ke2 Qa6+ 19. Kd1 Nxb3 20. axb3 Qa5 21. Qe2 Rxc3 22. Rxc3 Bxc3 23. Bd2 Qa1+ 24. Bc1 g4 25. Ne1 Qb1 26. Qb5+ Kd8 27. Qxb7 Qe4 28. Qb8+ Bc8 29. Qd6+ Bd7 30. Qf6+ Kc7 31. Qd6+ Kd8 32. Qb8+ Bc8 33. Qd6+ Bd7 34. Qb8+ Bc8 1/2-1/2

[Event "Barcelona La Lira op 34th"]
[Site "Barcelona"]
[Date "2016.02.05"]
[Round "4"]
[White "Montalban Colell, Bernat"]
[Black "Volart Buil, Jordi"]
[Result "0-1"]
[WhiteElo "1855"]
[BlackElo "1784"]
[PlyCount "118"]
[EventDate "2016.01.15"]
[EventType "swiss"]
[EventRounds "8"]
[EventCountry "ESP"]
[SourceTitle "EXT 2017"]
[Source "ChessBase"]
[SourceDate "2016.10.25"]
[SourceVersion "1"]
[SourceVersionDate "2016.10.25"]
[SourceQuality "1"]

1. e4 c5 2. Nf3 b6 3. d3 Bb7 4. g3 g6 5. Bg2 Bg7 6. 0-0 h6 7. c3 e6 8. Re1 Ne7 9. Nbd2 0-0 10. h4 Na6 11. Nf1 Rc8 12. Ne3 d5 13. e5 d4 14. cxd4 cxd4 15. Nc4 Rc7 16. Nd6 Bd5 17. Nb5 Rd7 18. Bf4 Nc5 19. Qd2 Kh7 20. g4 a6 21. Nd6 Nc8 22. Nxc8 Qxc8 23. Rac1 Qd8 24. g5 h5 25. Qe2 Qa8 26. b3 Rc8 27. b4 Na4 28. Rxc8 Qxc8 29. Rc1 Qa8 30. Bd2 b5 31. a3 Nb6 32. Kh2 Nc8 33. Ne1 Bxg2 34. Nxg2 Ne7 35. Nf4 Nc6 36. Qf3 Rc7 37. Qe4 Qb7 38. Nxh5 Nxe5 39. Rxc7 Qxc7 40. Bf4 Qc6 41. Ng3 Qxe4 42. Nxe4 Nxd3 43. Bg3 Bf8 44. f3 Nb2 45. Nd2 Nc4 46. Nb3 e5 47. Nc1 Bd6 48. Nd3 Kg7 49. Kg2 f6 50. Nc5 Nxa3 51. Ne6+ Kf7 52. Nxd4 Bxb4 53. Nc6 Bc3 54. Nd8+ Ke8 55. Nb7 fxg5 56. hxg5 Nc4 57. Nc5 a5 58. Ne4 Bb4 59. f4 a4 0-1

[Event "Barcelona La Lira op 33rd"]
[Site "Barcelona"]
[Date "2015.02.13"]
[Round "5"]
[White "Sanchez Coves, Juan Josep"]
[Black "Montalban Colell, Bernat"]
[Result "0-1"]
[WhiteElo "1596"]
[BlackElo "1855"]
[PlyCount "60"]
[EventDate "2015.01.16"]
[EventType "swiss"]
[EventRounds "9"]
[EventCountry "ESP"]
[SourceTitle "EXT 2016"]
[Source "ChessBase"]
[SourceDate "2015.10.08"]
[SourceVersion "1"]
[SourceVersionDate "2015.10.08"]
[SourceQuality "1"]

1. e4 d6 2. d4 Nf6 3. Nc3 g6 4. Be3 Bg7 5. Qd2 h5 6. f3 Nbd7 7. Nh3 Nb6 8. Nf2 c6 9. Bd3 Bd7 10. e5 dxe5 11. dxe5 Nfd5 12. Bd4 Be6 13. Nfe4 Nb4 14. Ne2 Nxd3+ 15. cxd3 Qc7 16. Nd6+ Kf8 17. Nf4 exd6 18. Nxe6+ fxe6 19. Qf4+ Qf7 20. Qg3 Qf5 21. f4 h4 22. Qe3 Nd5 23. Qd2 Kg8 24. 0-0 c5 25. Bc3 Nxc3 26. bxc3 dxe5 27. fxe5 Qxe5 28. Rab1 b6 29. d4 cxd4 30. cxd4 Qxd4+ 0-1

[Event "Barcelona Tres Peons op 16th"]
[Site "Barcelona"]
[Date "2014.01.24"]
[Round "3"]
[White "Barragan Hernandez, Manel"]
[Black "Montalban Colell, Bernat"]
[Result "1/2-1/2"]
[WhiteElo "1916"]
[BlackElo "2004"]
[PlyCount "67"]
[EventDate "2014.01.10"]
[EventType "swiss"]
[EventRounds "9"]
[EventCountry "ESP"]
[SourceTitle "EXT 2015"]
[Source "ChessBase"]
[SourceDate "2014.11.20"]
[SourceVersion "1"]
[SourceVersionDate "2014.11.20"]
[SourceQuality "1"]

1. Nf3 e6 2. c4 f5 3. Nc3 Nf6 4. g3 d5 5. cxd5 exd5 6. Bg2 c6 7. 0-0 Bd6 8. Qb3 0-0 9. d3 Nbd7 10. Bg5 Nc5 11. Qc2 Ne6 12. e4 fxe4 13. dxe4 Nxg5 14. Nxg5 h6 15. Nf3 Nxe4 16. Nxe4 dxe4 17. Qc4+ Kh8 18. Nh4 Rf6 19. Bxe4 g5 20. Ng6+ Kg7 21. Qc3 Bh3 22. Rfd1 Qc7 23. Rd4 Bg4 24. Kg2 Bh5 25. Rxd6 Qxd6 26. Ne5 Re8 27. f4 Kf8 28. Nd7+ Kf7 29. Qxf6+ Qxf6 30. Nxf6 Kxf6 31. fxg5+ hxg5 32. Rf1+ Kg7 33. Bf3 Bf7 34. b3 1/2-1/2

[Event "Barcelona La Lira op 31st"]
[Site "Barcelona"]
[Date "2013.02.01"]
[Round "3"]
[White "Montalban Colell, Bernat"]
[Black "Flores Linan, Josep Luis"]
[Result "1/2-1/2"]
[WhiteElo "1855"]
[BlackElo "1858"]
[PlyCount "139"]
[EventDate "2013.01.18"]
[EventType "swiss"]
[EventRounds "8"]
[EventCountry "ESP"]
[SourceTitle "EXT 2014"]
[Source "ChessBase"]
[SourceDate "2013.11.20"]
[SourceVersion "1"]
[SourceVersionDate "2013.11.20"]
[SourceQuality "1"]

1. e4 c5 2. Nf3 d6 3. d4 cxd4 4. Nxd4 g6 5. Be3 Bg7 6. Nc3 Nc6 7. Qd2 Nf6 8. f3 h5 9. Bc4 Bd7 10. 0-0 Rc8 11. Bb3 Ne5 12. Nce2 Qc7 13. c3 Nc4 14. Bxc4 Qxc4 15. Nb3 b6 16. Rfe1 0-0 17. Kh1 Qc7 18. Nf4 Bc6 19. Rad1 Ba4 20. Nd5 Qd7 21. Nxf6+ Bxf6 22. Rc1 Bxb3 23. axb3 Rc7 24. Red1 Rfc8 25. Qf2 Qb5 26. b4 Qc4 27. Bd4 Bg5 28. Be3 Bf6 29. Bd4 Bg7 30. Bxg7 Kxg7 31. Qd4+ f6 32. Qxc4 Rxc4 33. Ra1 R8c7 34. Ra6 Rb7 35. Rda1 Rcc7 36. Kg1 f5 37. exf5 gxf5 38. Kf2 Kf6 39. Rd1 Rd7 40. Raa1 e5 41. Rd5 Ke6 42. Rad1 Rbc7 43. Ke3 Rc4 44. g3 f4+ 45. Kf2 fxg3+ 46. hxg3 h4 47. gxh4 Rxh4 48. Kg3 Rf4 49. R5d2 d5 50. Rd3 d4 51. cxd4 Rfxd4 52. Rxd4 exd4 53. f4 Kd5 54. Kf3 Re7 55. b3 Re3+ 56. Kg4 Rxb3 57. Ra1 Rxb4 58. Rxa7 d3 59. Rd7+ Kc4 60. Kf3 Rb2 61. Ke3 Re2+ 62. Kf3 b5 63. Rc7+ Kb3 64. Rd7 Kc3 65. Rc7+ Kb3 66. Rd7 Rc2 67. Rxd3+ Rc3 68. Rxc3+ Kxc3 69. f5 b4 70. f6 1/2-1/2

[Event "Barcelona La Lira op 30th"]
[Site "Barcelona"]
[Date "2012.01.27"]
[Round "2"]
[White "Montalban Colell, Bernat"]
[Black "Herms Agullo, Jordi"]
[Result "0-1"]
[WhiteElo "1871"]
[BlackElo "2077"]
[PlyCount "30"]
[EventDate "2012.01.20"]
[EventType "swiss"]
[EventRounds "8"]
[EventCountry "ESP"]
[SourceTitle "EXT 2013"]
[Source "ChessBase"]
[SourceDate "2012.11.22"]
[SourceVersion "1"]
[SourceVersionDate "2012.11.22"]
[SourceQuality "1"]

1. e4 e5 2. Nf3 Nc6 3. d4 exd4 4. Nxd4 g6 5. Be3 Bg7 6. c4 Qe7 7. Nc3 Nf6 8. Ndb5 d6 9. Rc1 a6 10. Qa4 0-0 11. Nd5 Nxd5 12. cxd5 axb5 13. Qxa8 Qxe4 14. dxc6 Bxb2 15. Rd1 Bc3+ 0-1

[Event "Barcelona La Lira op 29th"]
[Site "Barcelona"]
[Date "2011.01.14"]
[Round "1"]
[White "Garcia Extremera, Manuel"]
[Black "Montalban Colell, Bernat"]
[Result "0-1"]
[WhiteElo "1515"]
[BlackElo "1843"]
[PlyCount "90"]
[EventDate "2011.01.14"]
[EventType "swiss"]
[EventRounds "7"]
[EventCountry "ESP"]
[SourceTitle "EXT 2012"]
[Source "ChessBase"]
[SourceDate "2011.11.24"]
[SourceVersion "1"]
[SourceVersionDate "2011.11.24"]
[SourceQuality "1"]

1. d4 e6 2. c4 f5 3. Nc3 Nf6 4. Nf3 Be7 5. Qc2 0-0 6. Bf4 d6 7. h3 c6 8. 0-0-0 Qa5 9. e3 Na6 10. a3 Bd7 11. Nd2 b5 12. Nb3 Qb6 13. Na2 Rac8 14. Kd2 c5 15. Ke1 cxd4 16. exd4 bxc4 17. Nd2 Qa5 18. Nc3 d5 19. f3 Nb8 20. h4 Nh5 21. Be5 f4 22. Be2 Qd8 23. Nf1 Bxh4+ 24. Kd2 Qg5 25. Nh2 Ng3 26. Rhg1 Nc6 27. Ng4 h5 28. Nf2 Nxe5 29. dxe5 Qxe5 30. Ke1 d4 31. Nce4 d3 32. Qc3 Qxc3+ 33. Nxc3 Bc6 34. Bf1 Nf5 35. Nce4 Bxe4 36. fxe4 Nd4 37. Rh1 Nc2+ 38. Kd2 Bxf2 39. Rxh5 Be3+ 40. Kc3 Bd4+ 41. Kd2 Bxb2 42. a4 Ne3 43. Rb1 Nxf1+ 44. Rxf1 c3+ 45. Kxd3 c2 0-1

[Event "Barcelona La Lira-C 12th"]
[Site "Barcelona"]
[Date "2009.07.22"]
[Round "5"]
[White "Montalban Colell, Bernat"]
[Black "Romero Funieles, Rafael de Jesus"]
[Result "1-0"]
[WhiteElo "1923"]
[BlackElo "1769"]
[PlyCount "105"]
[EventDate "2009.07.18"]
[EventType "tourn"]
[EventRounds "9"]
[EventCountry "ESP"]
[SourceTitle "EXT 2011"]
[Source "ChessBase"]
[SourceDate "2010.11.26"]
[SourceVersion "1"]
[SourceVersionDate "2010.11.26"]
[SourceQuality "1"]

1. e4 e6 2. d4 c6 3. Nf3 Be7 4. Bd3 d6 5. 0-0 h6 6. c4 a6 7. Nc3 Bd7 8. a4 c5 9. Qb3 Nc6 10. d5 Na5 11. Qc2 e5 12. h3 Nf6 13. Be3 Rb8 14. Nd2 b6 15. Be2 0-0 16. f4 Nh7 17. fxe5 dxe5 18. Nf3 Bd6 19. Bd3 Ng5 20. Ne2 f6 21. Nh4 Qe8 22. Ng3 Kh7 23. Nhf5 Bxf5 24. Nxf5 Qd7 25. Be2 g6 26. Ng3 Qd8 27. h4 Nf7 28. h5 g5 29. Bg4 Be7 30. Nf5 Nd6 31. Nxd6 Bxd6 32. Qf2 Qe8 33. Qc2 Qd8 34. Rf3 b5 35. axb5 axb5 36. cxb5 Rxb5 37. Qa4 Qb6 38. Bd7 Nb3 39. Bxb5 Nxa1 40. Bc4 Qb4 41. Qd7+ Kg8 42. b3 Qb8 43. Qe6+ Kg7 44. Qd7+ Rf7 45. Qf5 Qh8 46. Qg6+ Kf8 47. Rf1 Nc2 48. Bd2 Nd4 49. Ra1 Rb7 50. Ra8+ Rb8 51. Ra7 Qg8 52. Qxf6+ Ke8 53. Qxd6 1-0